| Поле | Инд. | ПП | Название | Значение |
|---|---|---|---|---|
| Тип записи | a | |||
| Библиографический уровень | b | |||
| 001 | Контрольный номер | RU/IS/BASE/235222993 | ||
| 005 | Дата корректировки | 20200630193238.8 | ||
| 008 | Кодируемые данные | 20070615 | ||
| 040 | b | Код языка каталог. | rus | |
| e | Правила каталог. | PSBO | ||
| 041 | 0_ | a | Код языка текста | rus |
| 084 | a | Индекс другой классификации/Индекс ББК | 81.4-212* | |
| 100 | 1_ | a | Автор | Шацков А. В. |
| 245 | 10 | a | Заглавие | К вопросу о назальном презенсе в хеттском языке: duwarne- |
| 504 | a | Библиография | Лит. в конце статьи | |
| 520 | 0_ | a | Аннотация | "Рассматривается морофологическая структура хеттского глагола duwarne- "ломать". В противоположность существующим этимологическим толкованиям хеттского слова автор выдвигает гипотезу о том, что глагол duwarne- был построен по аналогии с назальным презенсом уже в праанатолийский период." |
| 650 | a | Основная рубрика | грамматика | |
| a | Основная рубрика | филологические науки | ||
| a | Основная рубрика | частное языкознание | ||
| a | Основная рубрика | языкознание | ||
| 653 | 1_ | a | Ключевые слова | индоевропейские языки |
| a | Ключевые слова | морфология | ||
| a | Ключевые слова | назализация | ||
| a | Ключевые слова | назальный презенс | ||
| a | Ключевые слова | настоящее время | ||
| a | Ключевые слова | праанатолийский период | ||
| a | Ключевые слова | хеттский язык | ||
| 773 | 0_ | t | Заглавие источника | Вопросы языкознания |
| d | Дата издания источника | 2007 | ||
| g | Прочая информация | № 3. - С. 71 - 77 | ||
| w | Контрольный № источника | RU/IS/BASE/234287202 | ||
| 901 | t | Тип документа | b |